| 000 -LEADER |
| fixed length control field |
00819nam a22001577a 4500 |
| 003 - CONTROL NUMBER IDENTIFIER |
| control field |
OSt |
| 005 - DATE AND TIME OF LATEST TRANSACTION |
| control field |
20150926104411.0 |
| 008 - FIXED-LENGTH DATA ELEMENTS--GENERAL INFORMATION |
| fixed length control field |
150926b xxu||||| |||| 00| 0 eng d |
| 040 ## - CATALOGING SOURCE |
| Transcribing agency |
RUA |
| 082 ## - DEWEY DECIMAL CLASSIFICATION NUMBER |
| Classification number |
AGR LAC 2010 B047 Or.1 |
| 100 ## - MAIN ENTRY--PERSONAL NAME |
| 9 (RLIN) |
1372 |
| Personal name |
LACH, RAVY. |
| 245 ## - TITLE STATEMENT |
| Title |
Suitable timing for pellet compost applocation on chinese kale at crop station of royal university of agriculture, ពេលវេលាសមស្របនៃការដាក់ជីកំប៉ុស្តិ៍គ្រប់ទៅលើដំណាំខាត់ណាដើម នៅក្នុងស្ថានីយ៍ពីសោធន៍ដំណាំនៃសាកលវិទ្យាល័យភូមិន្ទកសិកម្ម |
| 260 ## - PUBLICATION, DISTRIBUTION, ETC. (IMPRINT) |
| Place of publication, distribution, etc. |
Phnom Penh |
| Name of publisher, distributor, etc. |
RUA |
| Date of publication, distribution, etc. |
2010 |
| 300 ## - PHYSICAL DESCRIPTION |
| Extent |
ix, 41p. |
| Other physical details |
ill. |
| Dimensions |
29cm. |
| 942 ## - ADDED ENTRY ELEMENTS (KOHA) |
| Source of classification or shelving scheme |
|
| Koha item type |
AGR |